Catálogo

LA COMUNICACION COMO PROCESO SOCIAL (Registro nro. 7117)

Detalles MARC
000 -LEADER
fixed length control field 00527nam a2200205 a 4500
001 - CONTROL NUMBER
control field 7117
005 - DATE AND TIME OF LATEST TRANSACTION
control field 20180713191016.0
008 - FIXED-LENGTH DATA ELEMENTS--GENERAL INFORMATION
fixed length control field 140415s1990 mx 000 0 spa d
041 ## - LANGUAGE CODE
Language code of text/sound track or separate title spa
082 ## - DEWEY DECIMAL CLASSIFICATION NUMBER
Classification number 302.2
Item number BIT
100 1# - MAIN ENTRY--PERSONAL NAME
Personal name BITTI, PIO E. RICCI
245 13 - TITLE STATEMENT
Title LA COMUNICACION COMO PROCESO SOCIAL
250 ## - EDITION STATEMENT
Edition statement 1a ed.
260 ## - PUBLICATION, DISTRIBUTION, ETC.
Place of publication, distribution, etc. MEXICO :
Name of publisher, distributor, etc. GRIJALVO,
Date of publication, distribution, etc. 1990
300 ## - PHYSICAL DESCRIPTION
Extent 290
490 ## - SERIES STATEMENT
Series statement LOS NOVENTA
Volume/sequential designation 41
650 14 - SUBJECT ADDED ENTRY--TOPICAL TERM
Topical term or geographic name entry element COMUNICACION
700 1# - ADDED ENTRY--PERSONAL NAME
Personal name ARBOLI, MANUEL
Relator term tr.
700 1# - ADDED ENTRY--PERSONAL NAME
Personal name ZANI, BRUNA
Relator term coaut.
Existencias
Withdrawn status Lost status Source of classification or shelving scheme Damaged status Not for loan Collection code Home library Current library Shelving location Date acquired Source of acquisition Inventory number Total Checkouts Full call number Barcode Date last seen Price effective from Koha item type
    Dewey Decimal Classification     General Biblioteca Karol Wojtyla Biblioteca Karol Wojtyla Sala general 03/12/2013 Compra 151000000000000000057677   302.2 BIT 19855 05/01/2026 03/12/2013 Libro
  No inventariado Dewey Decimal Classification       Biblioteca Karol Wojtyla Biblioteca Karol Wojtyla   03/12/2013 Compra     302.2 BIT 19856   03/12/2013 Libro
    Dewey Decimal Classification     General Tehuacán Tehuacán Sala general 03/12/2013 Compra     302 BIT 503664   03/12/2013 Libro